000 00697nam a2200145Ia 4500
008 100122s9999 xx 000 0 und d
082 _b26750
_a294.5
100 _aबेलसरे केशव वि
245 _aअध्यात्म-दर्शन अर्थात सुखी जीवनाची रुपरेषा
260 _bप्रसाद प्रकाशन
_c1962
300 _a523
630 _aअध्यात्म-दर्शन अर्थात सुखी जीवनाची रुपरेषा
730 _aअध्यात्म-दर्शन अर्थात सुखी जीवनाची रुपरेषा
942 _cBOOK
999 _c413137
_d413134